000 00668nmm a2200253 a 4500
003 AR-BaBNM
005 20251128205703.0
008 248019s1994 ||||||||||||||000 | spa||
020 _a956-201-234-4
040 _cAR-BaBNM
100 1 _aOrrego Vicuña, Francisco
245 1 0 _aDerecho internacional de la Antártida
260 _aSantiago de Chile
_bDolmen Ediciones
_c1994
300 0 _a685 p.
500 0 _aAbreviaturas p. 683-685
650 4 _aDERECHO INTERNACIONAL PUBLICO
650 4 _aDERECHO AEREO
650 4 _aDERECHO ESPACIAL
650 4 _aDERECHO MARITIMO
650 4 _aTRATADOS
651 4 _aAntártida
942 _cBK
998 _cMariana
999 _c12406
_d12406